Представление документа в формате MARC21

Поле Инд. ПП Название Значение
Тип записи a
Библиографический уровень b
001 Контрольный номер RU/IS/BASE/103731056
005 Дата корректировки 20250403101524.5
084 a Индекс другой классификации/Индекс ББК 65.291.592
100 1_ a Автор Фадеев С.
q Полное имя Фадеев Сергей
245 a Заглавие Не рисковать многим ради малого
520 a Аннотация Применение логистического инструментария в разработках, направленных на обеспечение экономической безопасности хозяйственных операций в условиях неопределенности
650 a Основная рубрика логистика
a Основная рубрика экономика
a Основная рубрика экономика предприятия
653 a Ключевые слова конкурентоспособность предприятия
a Ключевые слова логистические технологии
a Ключевые слова менеджмент (управление предприятием)
a Ключевые слова оборотный капитал
a Ключевые слова оценка рисков
a Ключевые слова прибыль предприятия
a Ключевые слова рентабельность предприятия
a Ключевые слова риски
a Ключевые слова убытки предприятия
a Ключевые слова управление рисками (риск-менеджмент)
a Ключевые слова экономическая безопасность
a Ключевые слова экономические риски
773 t Заглавие источника РИСК: ресурсы, информация, снабжение, конкуренция
d Дата издания источника 2003
g Прочая информация № 1. - С. 59 - 64 : граф., схем.
w Контрольный № источника RU/IS/BASE/102175616
901 t Тип документа b